ENHYPEN Songs - Sudden Death - Statistics

General Stats
  • This quiz has been taken 333 times
  • The average score is 14 of 16
Answers on the Grid
Answers color-coded by a green-red scale on the quiz's grid according to % correct below.
Attention, please!
Autumn Leaves
Bills
BLEEP
Blessed-Cursed
Brought the Heat Back
Ceremony
Chk Chk Boom
Dirty Work
Don't Say You Love Me
Drunk-Dazed
Echoes
EX
FaSHioN
FEARLESS
Fever
GGUM
Happily Ever After
Helium
Highway 1009
JoyRide
Life Goes On
Loose
MARS
MONA LISA
Moonstruck
NEURON
No Doubt
Outside
Paradise
Paradoxxx Invasion
Paranormal
Save Me
Smart
Spring Day
Supernova
THUNDER
XO (Only If You Say Yes)
 
Answer Stats
Answer % Correct
Blessed-Cursed
92%
Fever
90%
Drunk-Dazed
89%
XO (Only If You Say Yes)
89%
Brought the Heat Back
88%
Moonstruck
88%
Bills
87%
Loose
87%
No Doubt
87%
Helium
86%
Outside
85%
Paradoxxx Invasion
85%
Attention, please!
83%
Highway 1009
83%
Paranormal
80%
Echoes
70%
No matching quizzes found
Score Distribution
Percent of People with Each Score
Percentile by Number Answered
Your Score History
You have not taken this quiz